Sidemen Trivia - Statistics

General Stats
  • This quiz has been taken 11,107 times
  • The average score is 11 of 15
Answer Stats
Hint Answer % Correct
Which sideman has the most subscribers? KSI
100%
What is the name of JJ/KSI's brother? Deji
88%
Which sideman is referred to as 'Daddy'? Josh
88%
Which sideman always wears a hat? Tobi
87%
Which sideman has a brother with the same name as one of the sidemen? Harry
86%
Which sideman has 'got with' another youtuber? Simon
85%
Which sideman has the series 'Project Payet' on their channel? Ethan
81%
Which sideman has a minecraft channel? Vikk
81%
Which sideman has the most videos? Vikk
80%
Who was simon playing fifa against when he had to dye his hair red? KSI
74%
Where do the sidemen often go to eat? Nandos
67%
What does Josh have that the other sidemen don't? Beard
66%
What food does Simon hate? Fish
64%
What name is Tobi often referred as during football videos? Black goalie
55%
What animal does KSI have trouble pronouncing? Squirrel
27%
No matching quizzes found
Score Distribution
Percent of People with Each Score
Percentile by Number Answered
Your Score History
You have not taken this quiz